Statistics for Celebrity Scandals

Click here to take the quiz!

General Stats

  • This quiz has been taken 213 times
  • The average score is 9 of 15

Answer Stats

ScandalScandalous Celebrity% Correct
This popstar was dangeling his baby over a hotel balcony railingMichael Jackson
86%
This popstar had a total breakdown and shaved her headBritney Spears
85%
This high profile movie executive is accused of harrassing countless women, including Angelina Jolie and Gwyneth PaltrowHarvey Weinstein
76%
This actor jumped up and down on Oprah's couchTom Cruise
76%
This comedian, actor and tv-star is accused of drugging and raping countless womenBill Cosby
74%
This reality-tv-star and president was caught on tape bragging about harrassing and grabbing women and beauty pagent contestantsDonald Trump
72%
This film director starts dating, and eventually marries, his step childWoody Allen
72%
In 2001 this actress was caught shoplifting at Saks Fifth Avenue stuff worth more than $5,000Winona Ryder
69%
This popstar was arrested in 1998 in a public bathroom for "engaging in a lewd act"George Michael
57%
In 1997 this celebrity couples sex tape was stolen and became one of the best selling pornos everPamela Anderson
56%
This actor was caught in his car in Sunset Boulevard receiving oral sex from a prostituteHugh Grant
51%
This popstar was caught on tape licking donuts in a shop while "hating America"Ariana Grande
48%
Tommy Lee
46%
This star of a children's show was caught masturbating in a porn movie theaterPee-wee Herman
38%
This musician married his 13-year-old cousinJerry Lee Lewis
31%

Score Distribution

Percentile by Number Answered

Percent of People with Each Score

Your Score History

You have not taken this quiz